| 000 | 00984nam a22002897a 4500 | ||
|---|---|---|---|
| 999 |
_c21470 _d21470 |
||
| 003 | AR-CdUCM | ||
| 008 | 190220b ||||| |||| 00| 0 spa d | ||
| 020 | _a9789972516269 | ||
| 040 |
_aMUNICIPALIDAD PROVINCIAL DEL CUSCO _cBIBLIOTECA MUNICIPAL DEL CUSCO |
||
| 082 |
_a320.1/M2 _bM2 |
||
| 245 |
_aLas máscaras del poder : _btextos para pensar el Estado, la etnicidad y el nacionalismo / _cPablo Sandoval, editor. |
||
| 260 |
_aLima : _bInstituto de Estudios Peruanos, IEP, _c2017. |
||
| 300 |
_a467 páginas. : _c23 cm. |
||
| 440 |
_aSerie Ideología y Política, _n53. _944919 |
||
| 500 | _zIncluye bibliografías. | ||
| 650 |
_aPoder _94273 |
||
| 650 |
_aEstado _9738 |
||
| 650 |
_aNacionalismo _92901 |
||
| 650 |
_aEtnicidad _91315 |
||
| 650 |
_aCiencias sociales _91096 |
||
| 650 |
_aEnsayos _944920 |
||
| 650 |
_aconferencias _9376 |
||
| 700 |
_aSandoval, Pablo _944896 |
||
| 710 |
_aInstituto de Estudios Peruanos (Lima) _99759 |
||
| 942 |
_2ddc _cLIBROS |
||
| 945 | _aRoel | ||